Vista normal
Vista MARC
Entrada Topical Term
Número de registros utilizados en: 2
001 - CONTROL NUMBER
- control field: 9745
003 - CONTROL NUMBER IDENTIFIER
- control field: OSt
005 - DATE AND TIME OF LATEST TRANSACTION
- control field: 20230915230136.0
008 - FIXED-LENGTH DATA ELEMENTS
- fixed length control field: 230915|| aca||aabn | a|a d
040 ## - CATALOGING SOURCE
- Original cataloging agency: OSt
- Transcribing agency: OSt
150 ## - HEADING--TOPICAL TERM
- Topical term or geographic name entry element: FIBRAS OPTICAS
670 ## - SOURCE DATA FOUND
- Source citation: Work cat.: (OSt)20741: Jardon Aguilar, Hildeberto, Roberto Linares y Miranda, 9743, Sistemas de comunicaciones por fibras ópticas., 1995.